CAD /CAM / CIM (Record no. 930)
[ view plain ]
| 000 -LEADER | |
|---|---|
| fixed length control field | 00344nam a2200145Ia 4500 |
| 008 - FIXED-LENGTH DATA ELEMENTS--GENERAL INFORMATION | |
| fixed length control field | 191201s2005 xx 000 0 und d |
| 082 ## - DEWEY DECIMAL CLASSIFICATION NUMBER | |
| Classification number | 004.21 |
| Item number | RAC |
| 100 ## - MAIN ENTRY--PERSONAL NAME | |
| Personal name | RADHAKRISHAN, P |
| 245 #0 - TITLE STATEMENT | |
| Title | CAD /CAM / CIM |
| 250 ## - EDITION STATEMENT | |
| Edition statement | 2nd Rev |
| 260 ## - PUBLICATION, DISTRIBUTION, ETC. (IMPRINT) | |
| Place of publication, distribution, etc | N.Delhi |
| Name of publisher, distributor, etc | New Age International |
| Date of publication, distribution, etc | 2005 |
| 300 ## - PHYSICAL DESCRIPTION | |
| Extent | 675 |
| 650 ## - SUBJECT ADDED ENTRY--TOPICAL TERM | |
| Topical term or geographic name as entry element | B.Tech(CSE) |
| 942 ## - ADDED ENTRY ELEMENTS (KOHA) | |
| Source of classification or shelving scheme | Dewey Decimal Classification |
| Koha item type | Text Books |
| Withdrawn status | Lost status | Source of classification or shelving scheme | Damaged status | Not for loan | Collection code | Home library | Current library | Date acquired | Source of acquisition | Cost, normal purchase price | Bill Number | Total Checkouts | Full call number | Acc. no. / Barcode | Date last seen | Bill Date | Koha item type | Date last borrowed |
|---|---|---|---|---|---|---|---|---|---|---|---|---|---|---|---|---|---|---|
| Dewey Decimal Classification | B.Tech(CSE) | PIET C-LIBRARY | PIET C-LIBRARY | 08/08/2006 | UBS pub and dis ltd n. delhi | 250.00 | 125415 | 004.21 RAC | 693 | 04/12/2019 | 18/08/2005 | Text Books | ||||||
| Dewey Decimal Classification | B.Tech(CSE) | PIET C-LIBRARY | PIET C-LIBRARY | 08/08/2006 | UBS pub and dis ltd n. delhi | 250.00 | 125415 | 1 | 004.21 RAC | 694 | 26/03/2021 | 18/08/2005 | Text Books | 26/03/2021 | ||||
| Dewey Decimal Classification | B.Tech(CSE) | PIET C-LIBRARY | PIET C-LIBRARY | 08/08/2006 | UBS pub and dis ltd n. delhi | 250.00 | 125415 | 1 | 004.21 RAC | 695 | 05/06/2023 | 18/08/2005 | Text Books | 06/11/2020 |